Nghệ thuật quảng cáo : Bí ẩn của sự thành công
Sách giới thiệu tất cả các khía cạnh của quảng cáo, từ các chiến lược xây dựng thương hiệu hiệu quả cho đến những thách thức và xu hướng công nghiệp chủ chốt. Các quan điểm và các cách nhìn nhận phong phú cũng như các lời khuyên quý g...
Guardado en:
| Formato: | Libro |
|---|---|
| Lenguaje: | Undetermined |
| Publicado: |
Hà Nội
Lao động - Xã hội
2008
|
| Materias: | |
| Etiquetas: |
Agregar Etiqueta
Sin Etiquetas, Sea el primero en etiquetar este registro!
|
| Thư viện lưu trữ: | Trung tâm Học liệu Trường Đại học Cần Thơ |
|---|
| LEADER | 01214nam a2200217Ia 4500 | ||
|---|---|---|---|
| 001 | CTU_136472 | ||
| 008 | 210402s9999 xx 000 0 und d | ||
| 020 | |c 29000 | ||
| 082 | |a 659.1 | ||
| 082 | |b Ngh250 | ||
| 245 | 0 | |a Nghệ thuật quảng cáo : | |
| 245 | 0 | |b Bí ẩn của sự thành công | |
| 245 | 0 | |c Kiều Anh Tuấn biên soạn; Nguyễn Việt hiệu đính | |
| 260 | |a Hà Nội | ||
| 260 | |b Lao động - Xã hội | ||
| 260 | |c 2008 | ||
| 520 | |a Sách giới thiệu tất cả các khía cạnh của quảng cáo, từ các chiến lược xây dựng thương hiệu hiệu quả cho đến những thách thức và xu hướng công nghiệp chủ chốt. Các quan điểm và các cách nhìn nhận phong phú cũng như các lời khuyên quý giá sẽ giúp bạn đọc thâm nhập sâu vào các ý tưởng cùng những chiến dịch quảng cáo vĩ đại. | ||
| 650 | |a Advertising,Marketing research,Quảng cáo | ||
| 650 | |x Industrial publicity,Public relations | ||
| 904 | |i Trọng Hải | ||
| 980 | |a Trung tâm Học liệu Trường Đại học Cần Thơ | ||